Animaux célèbres réels - Statistiques

Statistiques générales
  • Ce quiz a été pris 24 fois
  • Le résultat moyen est 3 sur 16
Statistiques - réponses
Hint Réponse % Correct
Premier être vivant à orbiter autour de la Terre à bord de Spoutnik 2 en 1957. Laika
75%
Premier mammifère cloné à partir d'une cellule adulte. Dolly
63%
Inspiré d’un vrai dauphin, devenu célèbre grâce à la série du même nom. Flipper
58%
Pigeon de la première guerre ayant joué un rôle crucial dans la transmission d'informations. Le Vaillant ou Cher Ami
29%
Sauvé pendant la Première Guerre mondiale, devenu une star de cinéma, symbole du courage et de la loyauté. Rintintin
21%
Cheval connu pour sa vaillance au combat. Grand-Saint-Bernard ou Bucéphale
17%
Devenu une star mondiale grâce à son expression boudeuse Grumpy Cat
17%
Connu pour avoir attendu son maître tous les jours pendant des années à la gare de Shibuya, même après sa mort. Hachikō
13%
Eléphant de cirque africain du XIXᵉ siècle, célèbre pour sa taille exceptionnelle et sa popularité mondiale. Jumbo
13%
Connue pour communiquer avec les humains via un langage des signes simplifié. Koko
8%
Premier chat à être allé dans l’espace en 1963. Félicette
4%
L’orque qui a joué dans les films Sauvez Willy, puis relâchée dans la nature. Keiko
4%
Inspiré d’un vrai manchot observé par Linus Torvalds. Tux
4%
A aidé à livrer un sérum vital contre la diphtérie en 1925. Balto
0%
Lion légendaire, respecté pour sa longévité et sa force. Scar
0%
Devenu un symbole d’espoir pendant la Grande Dépression. Seabiscuit
0%
Aucun quiz correspondant
Distribution des résultats
% des personnes avec chaque résultat
Percentile par nombre de réponses
Votre historique - résultats
Vous n’avez pas pris ce quiz